<La> política agrícola de Estados Unidos.

Vývoj, súčasný význam a váha poľnohospodárstva USA. Analýza platných programov a poľnohospodárskej politiky USA. Podmienky rozvoja. Podporné finančné mechanizmy. Dotácie na jednotlivé produkty. Ceny, náklady a tržby. Nadbytok ako štruktúrny problém. Mexiko má málo možnosti na kompenzáciu vyššej ceny...

Ausführliche Beschreibung

Gespeichert in:
Bibliographische Detailangaben
1. Verfasser: Gavaldón Enciso, E.
Weitere Verfasser: Ceceňas Esquivel, J.
Format: Buchkapitel
Sprache:Spanisch
Schlagworte:
Tags: Tag hinzufügen
Keine Tags, Fügen Sie das erste Tag hinzu!

MARC

LEADER 00000naa a2200000 4500
001 r003521
005 20220818104529.5
041 0 |a spa 
044 |a MX 
245 1 0 |a <La> política agrícola de Estados Unidos.  |c E. Gavaldón Enciso, J. Ceceňas Esquivel 
520 |a Vývoj, súčasný význam a váha poľnohospodárstva USA. Analýza platných programov a poľnohospodárskej politiky USA. Podmienky rozvoja. Podporné finančné mechanizmy. Dotácie na jednotlivé produkty. Ceny, náklady a tržby. Nadbytok ako štruktúrny problém. Mexiko má málo možnosti na kompenzáciu vyššej ceny svojho importu. 
610 2 0 |a politika poľnohospodárska 
610 2 0 |a USA 
610 2 0 |a poľnohospodárstvo 
610 2 0 |a dotácie 
610 2 0 |a ceny 
610 2 0 |a náklady 
610 2 0 |a údaje štatistické 
610 2 0 |a Mexiko 
610 2 0 |a dovoz 
100 1 |a Gavaldón Enciso, E. 
700 1 |a Ceceňas Esquivel, J.